Municipis de Catalunya A-Z - Statistics

General Stats
  • This quiz has been taken 44 times
  • The average score is 13 of 22
Answer Stats
Lletra Població Answer % Correct
B 1,6M Barcelona
100%
T 220k Terrassa
100%
S 213k Sabadell
97%
G 101k Girona
94%
L 264k l'Hospitalet de Llobregat
94%
M 128k Mataró
83%
R 104k Reus
80%
V 67k Vilanova i la Geltrú
80%
I 39k Igualada
74%
C 88k Cornellà de Llobregat
69%
O 35k Olot
69%
F 46k Figueres
63%
X 1k Xerta
49%
A 20k Amposta
43%
E 64k el Prat de Llobregat
43%
J 3k Juneda
29%
U 6k Ulldecona
29%
H 4k Hostalric
26%
D 11k Deltebre
20%
N 6k Navars
14%
Q 3k Quart
14%
P 28k Premià de Mar
6%
No matching quizzes found
Score Distribution
Percent of People with Each Score
Percentile by Number Answered
Your Score History
You have not taken this quiz